| 000 | 01003nam a22002777a 4500 | ||
|---|---|---|---|
| 001 | 7899 | ||
| 003 | FISKH | ||
| 005 | 20250813104013.0 | ||
| 008 | 250813b cb ||||| |||| 00| 0 eng d | ||
| 020 | _a033500711008 | ||
| 040 |
_aFISKH _beng _cFISKH _dFISKH |
||
| 050 | _aPZ7.S6294 W | ||
| 082 | _a813.54 | ||
| 100 | _aSlater, Teddy | ||
| 245 |
_aLady and the Tramp : _bWalt Disney's / _cAdapted by Teddy Slater ; Illustrated by Bill Langley and Ron Dias |
||
| 300 |
_a24 unnumbered pages : _bcolor illustrations ; _c20 cm |
||
| 505 | _aM | ||
| 520 | _aWhen mean Aunt Sarah takes over a cocker spaniel's once-happy home, the dog flees and experiences some dangerous moments before her hero Tramp arrives on the scene. | ||
| 521 | 8 |
_a530
_bLexile Adjusted |
|
| 521 | 8 |
_aM
_bRaz-Plus |
|
| 650 |
_aLittle Golden Book _vChildren's Literature _xChildren's Fiction |
||
| 700 |
_aLangley, Bill _eillustrator |
||
| 700 |
_aDias, Ron _eillustrator |
||
| 942 |
_2ddc _cBK _n0 |
||
| 999 |
_c7899 _d7899 |
||